| 000 | 00358nam a22001457a 4500 | ||
|---|---|---|---|
| 003 | OSt | ||
| 005 | 20211201101031.0 | ||
| 008 | 211201b |||||||| |||| 00| 0 eng d | ||
| 040 | _cHawassa University | ||
| 050 |
_a808.3876/WOR _b1 |
||
| 082 |
_a808.3876/WOR _b1 |
||
| 245 | _aWorlds of Tomorrow | ||
| 260 |
_aNew York _bHarper and Raw |
||
| 942 |
_2ddc _cBOOKS _n0 |
||
| 999 |
_c20886 _d20886 |
||